Movies by IMDb FAQ III Quiz Stats

 Plays Quiz Updated Feb 1, 2017

Support Sporcle.
Go Orange.
Score 0/30 Timer 07:00
1 Play Today
% Correct
The Lion King
92.4%
Spider-Man
90.7%
The Wizard of Oz
90.5%
Star Wars: Episode VI - Return of the Jedi
89%
Space Jam
87.9%
The Day After Tomorrow
85.4%
The Green Mile
84.7%
Transformers
82.7%
The Shining
81.5%
The War of the Worlds
79.9%
Iron Man
79.4%
Deep Impact
76.9%
Harry Potter and the Chamber of Secrets
73.3%
The Hobbit: An Unexpected Journey
71.6%
Argo
71.1%
% Correct
Pulp Fiction
68.6%
Scarface
67.2%
Gremlins
65.5%
True Grit
65.2%
Mad Max: Fury Road
64.4%
Reservoir Dogs
64.1%
Wall-E
62.4%
Groundhog Day
62.2%
A Beautiful Mind
57.3%
Signs
56.1%
Django Unchained
46%
Scream
34%
Fight Club
30.7%
Interstellar
29.2%
Halloween
19.6%

You're not logged in!

Compare scores with friends on all Sporcle quizzes.
OR
Log In
Forgot?

From the Vault

Invisible Disney Movies

by LyndonG

Watching an invisible movie seems like an all-around not-fun time.
Remove Ads.
Support Sporcle.
Get the best of Sporcle when you Go Orange. This ad-free experience offers more features, more stats, and more fun while also helping to support Sporcle. Thank you for becoming a member.

Show Comments

Extras

Top Quizzes Today


Score Distribution

Your Account Isn't Verified!

In order to create a playlist on Sporcle, you need to verify the email address you used during registration. Go to your Sporcle Settings to finish the process.

Report this User

Report this user for behavior that violates our Community Guidelines.

Details: